000 02160njm a2200373Ia 4500
001 G0077
003 IT-RoPAU
005 20220918181139.0
008 131025s9999 xx 000 0 und d
040 _aIT-RoPAU
040 _cIT-RoPAU
041 _aITALIANO
999 _c101112
_d101112
999 _bn.d.
100 _aAA.VV.
_9794
100 _eAutore musica
_932893
100 _gCodice autore musica SPICS: 12000
_9796
245 _aSenza pietà
250 _a1a ed.
260 _aITALIA
260 _bSONY MUSIC ENTERTAINMENT
_c1999 [1a Ed.:1999 - Ed. Lingua Orig.: 1999]
300 _aCOMPACT DISC
300 _c54 minuti (Testo: 0 pag.)
500 _aMusica leggera. Canzone italiana.
505 _aLe stagioni dei disinganni (5:00) - Verrai (5:00) - Senza pietà (5:00) - Chissà (5:00) - Camminando camminando (6:00) - Luci e ombre (5:00) - Come dirsi ciao (6:00) - Che cosa dire di te (6:00) - Il Dio della luna (5:00) - Don't Cry, Sweet Love (6:00)
650 _aCANZONE ITALIAN [COMPACT DISC]
_eCodice MATERIA SPICS: 9949
_921937
700 _aOxa Anna
_gCodice interprete SPICS: 11051
_eInterprete
_932894
700 _aSalerno Alberto
_gCodice autore musica SPICS: 44010
_4Autore musica
_pLe stagioni dei disinganni - Verrai - Senza pietà - Camminando camminando - Luci e ombre - Come dirsi ciao - Il Dio della luna - Don't Cry, Sweet Love
_932895
700 _aZanotti Fio
_gCodice autore SPICS: 23585
_eAutore
_pLe stagioni dei disinganni - Verrai - Chissà - Camminando camminando - Luci e ombre - Come dirsi ciao - Il Dio della luna - Don't Cry, Sweet Love
_932896
700 _aBelleno Gianni
_gCodice autore testo/musica SPICS: 23680
_eAutore testo/musica
_pLe stagioni dei disinganni - Chissà - Camminando camminando - Luci e ombre - Il Dio della luna - Don't Cry, Sweet Love
_932897
700 _aGuidetti Claudio
_gCodice autore testo/musica SPICS: 53443
_eAutore testo/musica
_pVerrai - Senza pietà - Come dirsi ciao
_932898
700 _aKaballà
_gCodice autore musica SPICS: 53341
_eAutore musica
_pChissà
_932899
700 _aScudieri Davide
_gCodice autore testo/musica SPICS: 53444
_eAutore musica
_pChe cosa dire di te
_932900
942 _cCD
_2ddc